000 00470nam a22001697a 4500
003 CEME
005 20210628202326.0
008 210105b xxu||||| |||| 00| 0 eng d
020 _a9783844301267
040 _cceme
082 _a006.6 AAS
100 _aAasia Khanum, Muid Mufti, Younus Javed
_959351
245 _aIntelligent expression blending in performance driven facial animaiton
260 _aISLAMABAD
_bLAMBERT
_c2011
300 _aV, 70P
942 _cBK
_2ddc
999 _c569358
_d569358